00477nam a22001811 4500001001300000003000400013005001700017008004100034010001700075043001200092050001700104100002000121245004100141260004200182300003100224651002300255999001700278sa 68012712 DLC20260227112613.0711115s1951 ii ab 00010 eng  asa 68012712  aa-ii---0 aHB3639b.R2820aRaghava Rao, G.10aAre we too many?cby G. Raghava Rao.0 aBangalore,bP.T.I. Book Depotc[1951] a40 p.billus. map.c22 cm. 0aIndiaxPopulation. c84694d84694